|
|
|
|
| LEADER |
02618nam a2200613 i 4500 |
| 001 |
nkc20223436097 |
| 003 |
CZ PrNK |
| 005 |
20230102093247.0 |
| 007 |
ta |
| 008 |
220708s2022 xr a e c 000 0dcze |
| 020 |
|
|
|a 978-80-908676-0-4
|q (Veronika Richterová ;
|q brožováno)
|
| 020 |
|
|
|a 978-80-908189-4-1
|q (Městské kulturní středisko Tišnov ;
|q brožováno)
|
| 040 |
|
|
|a BOA001
|b cze
|d ABA001
|e rda
|
| 041 |
1 |
|
|a cze
|a eng
|h cze
|
| 043 |
|
|
|a e-xr---
|
| 045 |
|
|
|a y-y-
|
| 072 |
|
7 |
|a 72/76
|x Výtvarné umění
|2 Konspekt
|9 21
|
| 080 |
|
|
|a 72/76(437.3)
|2 MRF
|
| 080 |
|
|
|a 72/76-036.5
|2 MRF
|
| 080 |
|
|
|a 7.036/.038
|2 MRF
|
| 080 |
|
|
|a (437.3)
|2 MRF
|
| 080 |
|
|
|a (083.824)
|2 MRF
|
| 100 |
1 |
|
|a Richterová, Veronika,
|d 1964-
|7 mzk2005269889
|4 art
|4 wfw
|
| 245 |
1 |
0 |
|a Veronika Richterová :
|b Pet Tropicana /
|c koncepce a texty Veronika Richterová ; překlad Radka Kaclerová
|
| 246 |
1 |
|
|i Obálkový podnázev:
|a Plastiky z pet lahví =
|b Pet bottle art objects
|
| 246 |
3 |
0 |
|a Pet Tropicana
|
| 250 |
|
|
|a Vydání první
|
| 264 |
|
1 |
|a Tišnov :
|b Galerie Josefa Jambora - Městské kulturní středisko ;
|a [Buštěhrad] :
|b Veronika Richterová,
|c [2022]
|
| 300 |
|
|
|a 36 nečíslovaných stran :
|b barevné ilustrace ;
|c 21 cm
|
| 336 |
|
|
|a text
|b txt
|2 rdacontent
|
| 336 |
|
|
|a statický obraz
|b sti
|2 rdacontent
|
| 337 |
|
|
|a bez média
|b n
|2 rdamedia
|
| 338 |
|
|
|a svazek
|b nc
|2 rdacarrier
|
| 500 |
|
|
|a Vydáno u příležitosti výstavy Pet Tropicana 2.0, Galerie Josefa Jambora Tišnov, 28.5.-2.10.2022
|
| 500 |
|
|
|a Životopisná data, přehled výstav a realizací
|
| 546 |
|
|
|a Souběžný anglický text
|
| 600 |
1 |
7 |
|a Richterová, Veronika,
|d 1964-
|7 mzk2005269889
|2 czenas
|
| 648 |
|
7 |
|a 21. století
|7 ch460559
|2 czenas
|
| 650 |
0 |
7 |
|a české výtvarné umění
|7 ph116865
|y 21. století
|2 czenas
|
| 650 |
0 |
7 |
|a pet art
|7 ph565279
|z Česko
|2 czenas
|
| 650 |
0 |
7 |
|a moderní umění
|7 ph115340
|z Česko
|2 czenas
|
| 650 |
0 |
9 |
|a Czech art
|y 21st century
|2 eczenas
|
| 650 |
0 |
9 |
|a recycled plastic art
|z Czechia
|2 eczenas
|
| 650 |
0 |
9 |
|a modern art
|z Czechia
|2 eczenas
|
| 655 |
|
7 |
|a katalogy výstav
|7 fd132536
|2 czenas
|
| 655 |
|
9 |
|a exhibition catalogs
|2 eczenas
|
| 700 |
1 |
|
|a Kaclerová, Radka
|7 ola20201090200
|4 trl
|
| 710 |
2 |
|
|a Galerie Josefa Jambora (Tišnov, Česko)
|7 mzk2018978658
|4 orm
|4 isb
|
| 910 |
2 |
|
|a BOA001
|b 2-1498.121
|
| 990 |
|
|
|a BK
|
| 995 |
|
|
|a 11
|
| 991 |
|
|
|b 202211
|c NOV
|
| 996 |
6 |
|
|b 2610923109
|c 2-1498.121
|l MZK
|r Sklad / do 1 hodiny
|n 0
|p p.v.
|w 001906323
|u 000010
|a 1
|e BOA001
|j MZK50
|s P
|
| 996 |
7 |
|
|b 2610923110
|c 2-1498.121
|l MZK
|r Sklad / do 1 hodiny
|n 0
|p p.v.
|w 001906323
|u 000020
|a 1
|e BOA001
|j MZK50
|s A
|